000 00363 a2200157 4500
001 180291
020 _a
040 _cMagnum
100 _aAmado, Jorge
240 1 0 _aA morte e a morte de quincas berro dagua
_lpor
245 1 0 _aA morte e a morte de quincas berro dagua
362 0 _a1899
440 1 _aRecord
697 _aMAGNITO: J/ROMANCE
942 _cBK
999 _c180291
_d180291